Country Flags by Upper Half #1 - Statistics

General Stats
  • This quiz has been taken 18 times
  • The average score is 13 of 16
Answer Stats
Picture Answer % Correct
Canada
100%
Israel
100%
Japan
100%
Malta
100%
Pakistan
100%
Saudi Arabia
100%
Estonia
94%
Iraq
94%
Venezuela
94%
Samoa
82%
Zambia
82%
Micronesia
65%
Ukraine
65%
Mali
59%
Antigua and Barbuda
47%
Netherlands
47%
No matching quizzes found
Score Distribution
Percent of People with Each Score
Percentile by Number Answered
Your Score History
You have not taken this quiz